000 00702nam a2200193 i 4500
001 150222
003 ES-MaACL
005 20250811030005.0
007 t|
008 071029s1956 sp ||||1| spa d
100 1 _aVacas Medina, Luis.
_9112364
245 1 0 _aNotas críticas sobre el vigente derecho de quiebras español /
_cpor Luis Vacas Medina.
260 _a[S.l.] :
_bInformación Jurídica,
_c1956.
300 _a33 p. ;
_c23 cm.
500 _aPrec. al tít.: Ministerio de Justicia. Comisión de Legislación Extranjera.
710 1 _aEspaña.
_bMinisterio de Justicia.
_bComisión de Legislación Extranjera
_93898
852 _aES-MaACL
_j1996-F-12
_bR.40058
999 _c150222
_d150222